| 000 | 01126nam a2200253Ia 4500 | ||
|---|---|---|---|
| 003 | OSt | ||
| 005 | 20220923211432.0 | ||
| 006 | a|||||r|||| 00| 0 | ||
| 007 | ta | ||
| 008 | 220922b |||||||| |||| 00| 0 hin d | ||
| 020 |
_a9789350001592 (hbk) _c425 |
||
| 024 | _a246,170 | ||
| 037 |
_b374, 17/02/2011, Vani Prakashan _cTextual |
||
| 040 |
_aARTS _cARTS _bhin |
||
| 041 |
_2hin _ahin |
||
| 082 | _aO142,3M70x, 152Q0 | ||
| 100 |
_aकुप्रीन, अलेक्सांद्र; वर्मा, निर्मल, अनु. _9160484 |
||
| 245 | 0 |
_aरत्न - कंगन तथा अन्य कहानियॉं _b रूसी कथा - साहित्य |
|
| 246 | _aRatna - kangan tathā anya kahāniyaॉan: rūsī kathā - sāhitya | ||
| 260 |
_aनयी दिल्ली _b वाणी प्रकाशन _c2010 |
||
| 300 |
_a293पृ. _ccm. |
||
| 942 |
_hO142,3M70x, 152Q0 _cTEXL _2CC |
||
| 999 |
_c299493 _d299493 |
||